000 00440nam a22001457a 4500
008 150701b xxu||||| |||| 00| 0 eng d
020 _a0387946128
050 _aQA39.2 .P698 1996
100 _aComap
_d1996
245 _aPrinciples and practice of Mathematics.
260 _aNew York:
_bSpringer Verlag,
_c1996.
300 _axi,686p;ill
_bInclude index
650 _aMathematics
942 _2lcc
_cBOOKS
_hQA39.2 .P698 1996
999 _c1819
_d1819